Twitch Streamer Icons - Statistics

General Stats
  • This quiz has been taken 165 times
  • The average score is 12 of 32
Answer Stats
Picture Answer % Correct
pokimane
86%
Ludwig
85%
xQc
75%
DrDisRespect
72%
tommyinnit
66%
DisguisedToast
54%
QTCinderella
54%
Tfue
51%
TimtheTatman
51%
Asmongold
50%
HasanAbi
49%
Mizkif
49%
shroud
49%
summit1g
42%
jschlatt
40%
CallMeCarson
38%
loltyler1
38%
Scarra
32%
SmallAnt
30%
Esfand
27%
GMHikaru
24%
Trainwreckstv
24%
ConnorEatsPants
22%
Anomaly
15%
LIRIK
15%
MOONMOON
13%
Valkyrae
11%
MitchJones
10%
Dantes
8%
ClintStevens
7%
mang0
6%
Trihex
1%
No matching quizzes found
Score Distribution
Percent of People with Each Score
Percentile by Number Answered
Your Score History
You have not taken this quiz